Marvel Country Flag Quiz #2 - Statistics

General Stats
  • This quiz has been taken 15 times
  • The average score is 5 of 7
Answer Stats
Picture Answer % Correct
Cyclops
93%
Wasp
93%
Wolverine
93%
Quicksilver
73%
Shuri
73%
Hazmat
53%
Ukraine
53%
No matching quizzes found
Score Distribution
Percent of People with Each Score
Percentile by Number Answered
Your Score History
You have not taken this quiz